000 00780nam a2200313Ia 4500
001 AUWbook002911
003 BDCtgAUW
005 20260406155248.0
008 220908s9999 xx 000 0 eng d
020 _a0440224764
040 _aBDCtgAUW
_cBDCtgAUW
050 _aPS3557.R5355P35
100 1 _aGrisham, John.
245 0 _aThe partner.
250 _aFirst edition.
260 _aNew York :
_bIsland Books,
_c1997.
300 _a468 pages.
650 0 _aApparent
_vFiction.
_980717
650 0 _aBiloxi (Miss)
_vFiction.
_980718
650 0 _aBrazil
_vFiction.
_980719
650 0 _aDeath.
650 0 _aLarceny
_vFiction.
_980720
650 0 _aLegal stories.
650 0 _aLiterature.
887 _a BRAC
_22982
888 _22982
942 _cBK
_00
945 _cBK
999 _c18362
_d18362